|
|
|
|
| LEADER |
01606cas a2200241 a 4500 |
| 001 |
AALejournalIMF017394 |
| 008 |
230101c9999 xx r poo 0 0eng d |
| 020 |
|
|
|c 5.00 USD
|
| 020 |
|
|
|z 9781475573084
|
| 022 |
|
|
|a 1018-5941
|
| 040 |
|
|
|a BD-DhAAL
|c BD-DhAAL
|
| 100 |
1 |
|
|a Vihriala, Erkki.
|
| 245 |
1 |
0 |
|a Household Consumption in Japan :
|b Role of Income and Asset Developments /
|c Erkki Vihriala.
|
| 264 |
|
1 |
|a Washington, D.C. :
|b International Monetary Fund,
|c 2017.
|
| 300 |
|
|
|a 1 online resource (33 pages)
|
| 490 |
1 |
|
|a IMF Working Papers
|
| 500 |
|
|
|a <strong>Off-Campus Access:</strong> No User ID or Password Required
|
| 500 |
|
|
|a <strong>On-Campus Access:</strong> No User ID or Password Required
|
| 506 |
|
|
|a Electronic access restricted to authorized BRAC University faculty, staff and students
|
| 520 |
3 |
|
|a We study Japanese household consumption at a disaggregated level focusing on the role of income and asset dynamics. Stagnation of real per capita consumption is widespread acrosslabor market groups, age groups and regions. Consumption-to-income ratios have been mildly increasing due to the rising share of pensioners with significant assets. Evidence therefore suggests that assets have become more important in financing consumption. However, the short-term consumption dynamics remain quite sensitive to income growth but not to asset market movements.
|
| 538 |
|
|
|a Mode of access: Internet
|
| 830 |
|
0 |
|a IMF Working Papers; Working Paper ;
|v No. 2017/023
|
| 856 |
4 |
0 |
|z Full text available on IMF
|u http://elibrary.imf.org/view/journals/001/2017/023/001.2017.issue-023-en.xml
|z IMF e-Library
|